| 000 | 00832nam a2200241Ii 4500 | ||
|---|---|---|---|
| 003 | JO-AjNU | ||
| 008 | 230605s9999||||xx |||||||||||||| ||und|| | ||
| 017 | _a2011/13879 | ||
| 020 | _a977-212-201-4 | ||
| 040 |
_aJO-AjNU _bara _erda _cJO-AjNU |
||
| 041 | _aara | ||
| 050 | 1 | 4 | _aK375.A7.R37.2012 |
| 100 | 3 |
_a رشوان ، حسين عبد الحميد أحمد , _eauthor _934367 |
|
| 245 | 0 | 0 | _aحقوق الإنسان : دراسة في علم الاجتماع القانونى |
| 250 | _a(د،ط) | ||
| 264 | 3 | 1 | _aالاسكندرية : مؤسسة شباب الجامعة ، 2012 |
| 300 | _a329ص | ||
| 336 |
_atext _btxt _2rdacontent |
||
| 337 |
_aunmediated _bn _2rdamedia |
||
| 338 |
_avolume _bnc _2rdacarrier |
||
| 490 | 0 | _aسلسلة كتب علم الإجتماع (82) | |
| 650 | 4 |
_aحقوق الانسان _934368 |
|
| 999 |
_aA14085 _c17653 _d17653 |
||